| 000 | 00623nam a22001817a 4500 | ||
|---|---|---|---|
| 999 |
_c188068 _d188068 |
||
| 005 | 20220509160309.0 | ||
| 010 | _aENG-132571 | ||
| 020 | _c9788195255726 | ||
| 035 | _aEN-116103 | ||
| 037 | _bDBAD/PUB | ||
| 082 | _a210.92 | ||
| 100 | _aWal,George ter | ||
| 245 |
_aSpinoza: _bThe power of Clear Thinking/ _cGeorge ter Wal |
||
| 260 |
_aNew Delhi _bJ.C Sethi _c2021 |
||
| 270 |
_aScience of the Soul Research Centre c/o Radha Soami Satsang Beas 5 Guru Ravi Dass Marg, Pusa Road _bNew Delhi _e110005 |
||
| 300 |
_axvi,256p _c22cm(hbk) _bContact and General Information |
||
| 942 |
_2ddc _cEN _h210.92 _mWAL |
||